| 000 | 00987 a2200217 4500 | ||
|---|---|---|---|
| 005 | 20080909113555.0 | ||
| 008 | 080909t xxu||||| |||| 00| 0 hin d | ||
| 010 | _aHIN-79260 | ||
| 020 |
_a8185789894 _c250.00 |
||
| 035 | _aHN-51606 | ||
| 037 | _bD.B.Act / pub | ||
| 082 | _a641.1 | ||
| 100 | _aनारायणन्, सुधा | ||
| 245 |
_aआहार विज्ञान _cसुधा नारायणन् |
||
| 246 |
_aAhar vigyan _bby Sudha Narayan |
||
| 260 |
_aजयपुर _bरिसर्च पब्लिकेशन्स _c2006 |
||
| 270 |
_a83,त्रिपोलिया बाजार _bजयपुर |
||
| 300 |
_a152पृ _c22सेमी (सजिल्द) |
||
| 942 |
_adpl _cHN _k641.1 / नाराय _2ddc _h641.1 _mनाराय |
||
| 999 |
_c1451 _d1451 |
||